000 00973naa a22002657u 4500
001 07061
003 HDC
007 cr bn ---aaaaa
008 040309s2004 ilu eng
040 _aHDC
100 _aBarthet, V.J.,
_eauthor
_97554
245 0 _aOil Extraction and Analysis: Critical Issues and Comparative Studies :
_bOil Content Analysis: Myths and Reality /
_cby V.J. Barthet and J.K. Daun
260 _aChampaigne, Illinois :
_bAOCS Press,
_c2004
300 _a18 pages
336 _atext
_2rdacontent
337 _acomputer
_2rdamedia
338 _aonline resource
_2rdacarrier
500 _aOriginal from book
650 _aFood
_xFat content
_xAnalysis
_97547
650 _aOils and fats, Edible
_xAnalysis
_97546
856 _zRequest full-text at [email protected]
942 _2lcc
942 _cCHAP
942 _kEBCH 000457
999 _c4385
_d4385